Learning Resource and Development

Drug information handbook/ (Record no. 4585)

MARC details
000 -LEADER
fixed length control field 00828nam a22002777a 4500
005 - DATE AND TIME OF LATEST TRANSACTION
control field 20230512222059.0
008 - FIXED-LENGTH DATA ELEMENTS--GENERAL INFORMATION
fixed length control field 180518t xxu||||| |||| 00| 0 eng d
020 ## - INTERNATIONAL STANDARD BOOK NUMBER
International Standard Book Number 1930598548
040 ## - CATALOGING SOURCE
Transcribing agency CSPC
082 0# - DEWEY DECIMAL CLASSIFICATION NUMBER
Classification number 615.1
Item number L119d
100 ## - MAIN ENTRY--PERSONAL NAME
Personal name Lacy, Charles F.,
Relator term author.
245 00 - TITLE STATEMENT
Title Drug information handbook/
Statement of responsibility, etc. Charles F. Lacy
250 ## - EDITION STATEMENT
Edition statement Ninth (9th)
Remainder of edition statement edition.
260 ## - PUBLICATION, DISTRIBUTION, ETC.
Place of publication, distribution, etc. USA :
Name of publisher, distributor, etc. Lexi-comp ;
Date of publication, distribution, etc. 2002.
300 ## - PHYSICAL DESCRIPTION
Extent 1592 pages :
Other physical details figures, tables ;
Dimensions 23 cm.
500 ## - GENERAL NOTE
General note Includes Index.
650 10 - SUBJECT ADDED ENTRY--TOPICAL TERM
Topical term or geographic name entry element Clinical pharmacology.
650 10 - SUBJECT ADDED ENTRY--TOPICAL TERM
Topical term or geographic name entry element Drugs.
700 1# - ADDED ENTRY--PERSONAL NAME
Personal name Armstrong, Lora L.,
Relator term author.
700 1# - ADDED ENTRY--PERSONAL NAME
Personal name Goldman, Morton P.,
Relator term author.
700 1# - ADDED ENTRY--PERSONAL NAME
Personal name Lance, Leonard L.,
Relator term author.
940 ## - EQUIVALENCE OR CROSS-REFERENCE--UNIFORM TITLE [OBSOLETE] [CAN/MARC only]
Uniform title <a href="yves">yves</a>
942 ## - ADDED ENTRY ELEMENTS (KOHA)
Koha item type
-- NUR 615.1 L119d 2002
Holdings
Withdrawn status Lost status Damaged status Not for loan Home library Current library Shelving location Date acquired Total Checkouts Full call number Barcode Date last seen Date last checked out Copy number Price effective from Koha item type
        Main Library Main Library Nursing Section 05/12/2023 2 NUR 615.1 L119d 2002 007249 11/21/2025 10/20/2025 1-1 05/12/2023 Books